000 00306nam a22001217a 4500
003 SGT
082 _a624.183,IND
100 _aINDIAN STANDARD
245 _aPLAIN AND REINFORCED CONCRETE CODE OF PRACTICE
260 _aNEW DELHI
_bBUREAV OF INDIAN STANDARDS
_c2010
300 _a100
942 _2ddc
_cGF BOOKS
999 _c32508
_d32508